জীবন স্মৃতি / (Record no. 54870)
[ view plain ]
| 000 -LEADER | |
|---|---|
| fixed length control field | 00876nam a2200229 a 4500 |
| 001 - CONTROL NUMBER | |
| control field | 54870 |
| 003 - CONTROL NUMBER IDENTIFIER | |
| rucl marc code | BD-RjUL |
| 005 - DATE AND TIME OF LATEST TRANSACTION | |
| control field | 20211209080159.0 |
| 008 - FIXED-LENGTH DATA ELEMENTS--GENERAL INFORMATION | |
| fixed length control field | 161112s1962 bg ||||| |||| 00| 0 ben d |
| 035 ## - SYSTEM CONTROL NUMBER | |
| System control number | (BD-RjUL)54992 |
| 040 ## - CATALOGING SOURCE | |
| Original cataloging agency | BD-RjUL |
| Language of cataloging | ben |
| Transcribing agency | BD-RjUL |
| Modifying agency | BD-RjUL |
| 041 ## - LANGUAGE CODE | |
| Language code of text/sound track or separate title | ben |
| 082 ## - DEWEY DECIMAL CLASSIFICATION NUMBER | |
| Edition number | 23 |
| Classification number | 370.92 |
| Author mark and year | AHJ 1962 |
| 100 ## - MAIN ENTRY--PERSONAL NAME | |
| Personal name | আহ্ছানউল্লাহ |
| 9 (RLIN) | 163565 |
| 245 10 - TITLE STATEMENT | |
| Title | জীবন স্মৃতি / |
| Statement of responsibility, etc. | আহ্ছানউল্লাহ, |
| 250 ## - EDITION STATEMENT | |
| Edition statement | পরিবর্ত্তিত ও পরিবর্ধিত ৩য় সং. |
| 260 ## - PUBLICATION, DISTRIBUTION, ETC. (IMPRINT) | |
| Place of publication, distribution, etc. | ঢাকা : |
| Name of publisher, distributor, etc. | ফেভারিট বুক্স্, |
| Date of publication, distribution, etc. | ১৯৬২ |
| 300 ## - PHYSICAL DESCRIPTION | |
| Pagination | ২২৭ পৃ. : |
| Illustrations | চিত্র ; |
| Size | ১৭ সেমি. |
| 650 ## - SUBJECT ADDED ENTRY--TOPICAL TERM | |
| Topical term or geographic name as entry element | শিক্ষাবিদ |
| Form subdivision | জীবনী |
| 9 (RLIN) | 135976 |
| Topical term or geographic name as entry element | Educators |
| Form subdivision | Biography |
| 9 (RLIN) | 144912 |
| 942 ## - ADDED ENTRY ELEMENTS (KOHA) | |
| Source of classification or shelving scheme | Dewey Decimal Classification |
| Koha item type | Books |
| Lost status | Source of classification or shelving scheme | Damaged status | Not for loan | Collection code | Permanent Location | Current Location | Shelving location | Date acquired | Source of acquisition | Cost, normal purchase price | Total Checkouts | Full call number | Date last seen | Copy number | Koha item type |
|---|---|---|---|---|---|---|---|---|---|---|---|---|---|---|---|
| Dewey Decimal Classification | Non-fiction | Central Library, University of Rajshahi | Central Library, University of Rajshahi | 17/05/1968 | Prantik | 3.50 | B 370.92 AHJ 1962 | 12/11/2016 | C-2 | Books | |||||
| Dewey Decimal Classification | Not For Loan | Non-fiction | Central Library, University of Rajshahi | Central Library, University of Rajshahi | Reading Room | 17/05/1968 | Prantic, Rajshahi | 3.50 | B 370.92 AHJ 1962 | 08/12/2016 | C-1 | Books | |||
| Dewey Decimal Classification | Non-fiction | Central Library, University of Rajshahi | Central Library, University of Rajshahi | 17/05/1968 | Prantrik | 3.50 | B 370.92 AHJ 1962 | 02/05/2017 | C-3 | Books | |||||
| Dewey Decimal Classification | Non-fiction | Central Library, University of Rajshahi | Central Library, University of Rajshahi | 09/12/2021 | 3.50 | B 370.92 AHJ 1962 | 03/05/2017 | C-4 | Books |